Saint Paul: (Record no. 5152)

000 -LEADER
fixed length control field 00591nam a2200181 a 4500
001 - CONTROL NUMBER
control field :::00002893$&:&@@
003 - CONTROL NUMBER IDENTIFIER
control field OkBaRHE
005 - DATE AND TIME OF LATEST TRANSACTION
control field 20000607103258.0
008 - FIXED-LENGTH DATA ELEMENTS--GENERAL INFORMATION
fixed length control field j 000 0 eng u
040 ## - CATALOGING SOURCE
Transcribing agency
100 1# - MAIN ENTRY--PERSONAL NAME
Personal name Bungener, Felix.
245 10 - TITLE STATEMENT
Title Saint Paul:
Remainder of title his life, labours,and epistles: a narrative and an argument.
260 ## - PUBLICATION, DISTRIBUTION, ETC. (IMPRINT)
Place of publication, distribution, etc London, UK:EN., :
Name of publisher, distributor, etc The Religious Tract Society
Date of publication, distribution, etc nd
300 ## - PHYSICAL DESCRIPTION
Extent 428 p. ;
Dimensions 19 cm.
650 ## - SUBJECT ADDED ENTRY--TOPICAL TERM
Topical term or geographic name as entry element Paul, Saint, apostle
942 ## - ADDED ENTRY ELEMENTS (KOHA)
Source of classification or shelving scheme
Koha item type Books
Copies
Source of classification or shelving scheme Shelving location Date acquired Price effective from Withdrawn status Lost status Permanent Location Damaged status Current Location Copy number Full call number Date last seen Barcode Not for loan Koha item type
 General Stacks2010-04-142010-04-14  RHEMA Bible Training College RHEMA Bible Training College1BS 2505 .B782018-03-162893 Books